000
00307nam a2200133Ia 4500
100
_a
Kulkarni/ A.M.
942
_c
BK
654
_a
Engineering Mathematics
245
_a
Engineering Mathematics
260
_b
Central Techno Publication
_a
Nagpur
_c
1999
082
_a
519
300
_a
588
546
_a
ENGLISH
999
_c
21624
_d
21624